[Event "Championnat de France - Accession Femini"]
[Site "Belfort - SNPHHUATVS"]
[Date "2010.??.??"]
[Round "5.2"]
[White "Rigolot, Lucie"]
[Black "Bonvalot, Isabelle"]
[Result "1-0"]
[WhiteElo "1902"]
[BlackElo "1952"]
[PlyCount "93"]

1. e4 g6 2. d4 Bg7 3. Nc3 c6 4. Be3 d5 5. Qd2 f6 6. O-O-O Be6 7. Bd3 dxe4 8.
Bxe4 f5 9. Bf3 Nf6 10. h4 Qa5 11. a3 Bf7 12. Nh3 Nbd7 13. Qe2 Nb6 14. Bd2 Nc4
15. Nd5 Qd8 16. Nxf6+ Bxf6 17. Bg5 O-O 18. g4 Qb6 19. c3 Qb3 20. gxf5 Qa2 21.
Qc2 Na5 22. Qb1 Qc4 23. Rd3 c5 24. Bxf6 exf6 25. Kd1 Rfe8 26. Nf4 gxf5 27. Be2
Re4 28. Rg3+ Kh8 29. Bxc4 Bxc4 30. Nd3 Bb3+ 31. Kc1 b6 32. Re1 cxd4 33. Rxe4
fxe4 34. Nb4 d3 35. Nxd3 Rd8 36. Kd2 Bc4 37. Qh1 Nb3+ 38. Ke3 exd3 39. Qc6 Rf8
40. Qxc4 f5 41. f4 Re8+ 42. Kxd3 Rd8+ 43. Kc2 Nc5 44. Qf7 Rd2+ 45. Kxd2 Ne4+
46. Kc2 Nxg3 47. Qf8# 1-0

[Event "Championnat de France - Accession Femini"]
[Site "Belfort - SNPHHUATVS"]
[Date "2010.??.??"]
[Round "5.3"]
[White "Choisy, Mathilde"]
[Black "Vinckier, Delphine"]
[Result "1-0"]
[WhiteElo "2168"]
[BlackElo "1830"]
[PlyCount "59"]

1. g3 d5 2. Bg2 e5 3. d3 Nc6 4. Nf3 Nf6 5. O-O Bf5 6. a3 a6 7. b4 Bd6 8. Bb2
O-O 9. Nbd2 Re8 10. Nh4 Be6 11. e4 Ne7 12. exd5 Bg4 13. Bf3 Bh3 14. Bg2 Bg4 15.
Bf3 Bh3 16. Re1 g5 17. Ng2 Ng6 18. Ne3 Bd7 19. Ne4 h6 20. c4 b6 21. Rc1 Rb8 22.
Nxf6+ Qxf6 23. Bg4 Qd8 24. Bxd7 Qxd7 25. Ng4 Kg7 26. d4 e4 27. c5 Bf8 28. d6 f6
29. d5 Ne5 30. Nxe5 1-0

[Event "Championnat de France - Accession Femini"]
[Site "Belfort - SNPHHUATVS"]
[Date "2010.??.??"]
[Round "5.4"]
[White "Benmesbah, Natacha"]
[Black "Armas, Lara-Maria"]
[Result "1-0"]
[WhiteElo "2165"]
[BlackElo "1988"]
[PlyCount "55"]

1. e4 c5 2. b3 d6 3. Bb2 Nf6 4. Bb5+ Bd7 5. Bxd7+ Qxd7 6. Nc3 e6 7. f4 Nc6 8.
Nf3 Be7 9. Qe2 a6 10. a4 Nb4 11. d3 O-O 12. a5 Qc7 13. Qd2 Nd7 14. O-O Bf6 15.
e5 Be7 16. exd6 Bxd6 17. Ng5 Nd5 18. Ne2 Be7 19. Ne4 Rfe8 20. N2g3 Rad8 21. Nh5
N7f6 22. Nexf6+ Nxf6 23. Bxf6 Bxf6 24. Nxf6+ gxf6 25. f5 Qe7 26. Qh6 e5 27. Rf3
Qf8 28. Rg3+ 1-0

[Event "Championnat de France - Accession Femini"]
[Site "Belfort - SNPHHUATVS"]
[Date "2010.??.??"]
[Round "5.5"]
[White "Sasu-Ducsoara, Andreea-Teodora"]
[Black "Griggio, Julie"]
[Result "1-0"]
[WhiteElo "2227"]
[BlackElo "1795"]
[PlyCount "55"]

1. e4 e6 2. d4 d5 3. Nd2 Nf6 4. e5 Nfd7 5. Bd3 c5 6. c3 Nc6 7. Ne2 Qb6 8. Nf3
c4 9. Bc2 Be7 10. O-O Qc7 11. b3 b5 12. bxc4 bxc4 13. Ng5 h6 14. Nh3 Nb6 15. f4
Bd7 16. f5 exf5 17. Bxf5 Bxf5 18. Rxf5 Nd8 19. Ng3 g6 20. Rf2 Ne6 21. Qf3 Bf8
22. a4 a5 23. Rb1 Ra6 24. Ne2 Qd7 25. Nef4 Nxf4 26. Nxf4 Qf5 27. Rfb2 Nd7 28.
Qxd5 1-0

[Event "Championnat de France - Accession Femini"]
[Site "Belfort - SNPHHUATVS"]
[Date "2010.??.??"]
[Round "5.6"]
[White "Haussernot, Cecile"]
[Black "Bismuth, Lea"]
[Result "0-1"]
[WhiteElo "1992"]
[BlackElo "1935"]
[PlyCount "80"]

1. e4 e5 2. Nf3 Nc6 3. Bc4 Nf6 4. Ng5 d5 5. exd5 Nd4 6. d6 Qxd6 7. O-O Bg4 8.
f3 Qc5 9. Rf2 Qxc4 10. d3 Bxf3 11. Nxf3 Nxf3+ 12. Rxf3 O-O-O 13. Nc3 Bc5+ 14.
Kh1 Qh4 15. Rg3 h6 16. Qe2 e4 17. Rh3 exd3 18. cxd3 Qg4 19. Qxg4+ Nxg4 20. Ne4
Rhe8 21. g3 Rxe4 22. dxe4 Nf2+ 23. Kg2 Nxh3 24. Kxh3 Rd1 25. b3 Bd4 26. Rb1 Be3
27. Bxe3 Rxb1 28. Bd4 g6 29. Kg4 Rf1 30. Bg7 h5+ 31. Kg5 Kd7 32. h3 Rf2 33. g4
hxg4 34. hxg4 Rxa2 35. Kf6 Rf2+ 36. Ke5 a5 37. g5 Rf3 38. Bf8 Rxb3 39. Kf6 Rf3+
40. Kg7 b5 0-1

[Event "Championnat de France - Accession Femini"]
[Site "Belfort - SNPHHUATVS"]
[Date "2010.??.??"]
[Round "6.1"]
[White "Gertosio-Serena, Sophie"]
[Black "Bismuth, Lea"]
[Result "1-0"]
[WhiteElo "1810"]
[BlackElo "1935"]
[PlyCount "129"]

1. e4 e5 2. Nf3 Nc6 3. Bc4 Nf6 4. Nc3 Be7 5. d4 exd4 6. Nxd4 O-O 7. Nxc6 bxc6
8. e5 Ne8 9. Be3 d5 10. Bd3 f6 11. f4 Bb4 12. O-O d4 13. Bc4+ Kh8 14. Qxd4 Bf5
15. Qxd8 Rxd8 16. Bb3 g6 17. a3 Be7 18. Bxa7 Ng7 19. Be3 Ne6 20. exf6 Bxf6 21.
Rad1 Nd4 22. Rd2 Rfe8 23. Bxd4 Bxd4+ 24. Kh1 Rd6 25. Nd1 Bg4 26. c3 Bb6 27.
Rxd6 cxd6 28. h3 Bf5 29. Nf2 Re2 30. g4 Bc8 31. Nd3 c5 32. Bd5 c4 33. Nb4 Bc5
34. Bxc4 Rxb2 35. Bd5 h5 36. f5 hxg4 37. hxg4 Kg7 38. f6+ Kf8 39. Nd3 Rd2 40.
Nf4 Rxd5 41. Nxd5 Bxg4 42. Rf4 Be6 43. Nb4 Kf7 44. a4 Be3 45. Re4 Bc5 46. a5
Kxf6 47. Re1 g5 48. a6 g4 49. Kg2 d5 50. Ra1 d4 51. a7 Bxb4 52. cxb4 Bd5+ 53.
Kg3 Ba8 54. Ra5 d3 55. Kxg4 Ke6 56. Kf4 Kd6 57. Ke3 Kc6 58. Kxd3 Kb6 59. Kc4
Kc7 60. Kc5 Kb7 61. b5 Kc7 62. b6+ Kb7 63. Ra1 Kc8 64. Rg1 Kb7 65. Rg8 1-0

[Event "Championnat de France - Accession Femini"]
[Site "Belfort - SNPHHUATVS"]
[Date "2010.??.??"]
[Round "6.2"]
[White "Griggio, Julie"]
[Black "Haussernot, Cecile"]
[Result "0-1"]
[WhiteElo "1795"]
[BlackElo "1992"]
[PlyCount "82"]

1. e4 c5 2. Nf3 d6 3. c3 Nf6 4. h3 Nc6 5. Bd3 d5 6. e5 Nd7 7. Qe2 e6 8. Bc2 Be7
9. d4 b6 10. Na3 a5 11. Nb5 Ba6 12. a4 cxd4 13. cxd4 Bb4+ 14. Bd2 Bxd2+ 15.
Qxd2 Bxb5 16. axb5 Nb4 17. O-O Rc8 18. Rfc1 O-O 19. Ne1 f6 20. f4 fxe5 21. fxe5
Qh4 22. Nf3 Rxf3 23. gxf3 Qg3+ 24. Qg2 Qxg2+ 25. Kxg2 Rxc2+ 26. Rxc2 Nxc2 27.
Ra4 Nf8 28. h4 Kf7 29. Kh3 h5 30. Kg3 Ng6 31. b3 Ne7 32. Ra2 Nf5+ 33. Kh3 Ncxd4
34. f4 Nxb3 35. Rc2 Nc5 36. Rd2 Ne3 37. Re2 Nc4 38. Ra2 a4 39. Kg2 a3 40. Kf3
Na4 41. Ra1 Nc3 0-1

[Event "Championnat de France - Accession Femini"]
[Site "Belfort - SNPHHUATVS"]
[Date "2010.??.??"]
[Round "6.3"]
[White "Armas, Lara-Maria"]
[Black "Sasu-Ducsoara, Andreea-Teodora"]
[Result "1/2-1/2"]
[WhiteElo "1988"]
[BlackElo "2227"]
[PlyCount "32"]

1. d4 f5 2. c4 Nf6 3. Nc3 g6 4. f3 Bg7 5. e4 d6 6. Bd3 fxe4 7. Nxe4 O-O 8. Ne2
Nc6 9. Be3 e5 10. d5 Nb4 11. Bb1 a5 12. Qd2 b6 13. a3 Na6 14. b4 Bf5 15. O-O
Nb8 16. Bd3 Nxe4 1/2-1/2

[Event "Championnat de France - Accession Femini"]
[Site "Belfort - SNPHHUATVS"]
[Date "2010.??.??"]
[Round "6.4"]
[White "Vinckier, Delphine"]
[Black "Benmesbah, Natacha"]
[Result "1/2-1/2"]
[WhiteElo "1830"]
[BlackElo "2165"]
[PlyCount "101"]

1. e4 c5 2. Nc3 Nc6 3. g3 g6 4. Bg2 Bg7 5. d3 d6 6. Be3 e6 7. Qd2 Nge7 8. Bh6
Bxh6 9. Qxh6 Nd4 10. Qd2 b5 11. Nce2 Nxe2 12. Nxe2 e5 13. f4 Rb8 14. O-O Bg4
15. h3 Bxe2 16. Qxe2 O-O 17. f5 f6 18. h4 Kg7 19. g4 g5 20. hxg5 fxg5 21. Rf3
Ng8 22. Raf1 Nf6 23. Rh3 h6 24. Bf3 Qb6 25. Kg2 Qa5 26. a3 b4 27. Qd2 Nh7 28.
Rfh1 Rf6 29. Kg3 Rh8 30. Qh2 Nf8 31. Rh5 Rh7 32. axb4 Qxb4 33. c3 Qb5 34. Qd2
Kf7 35. d4 exd4 36. cxd4 cxd4 37. Qxd4 Qe5+ 38. Qxe5 dxe5 39. Rc1 Kg8 40. Rh2
Re7 41. Rhc2 Rd6 42. Rc5 Nh7 43. Rc6 Rf6 44. Be2 Kg7 45. b3 Rxc6 46. Rxc6 Nf6
47. Kf3 Kf7 48. Bc4+ Kg7 49. Be2 Kf7 50. Bc4+ Kg7 51. Be2 1/2-1/2

[Event "Championnat de France - Accession Femini"]
[Site "Belfort - SNPHHUATVS"]
[Date "2010.??.??"]
[Round "6.5"]
[White "Bonvalot, Isabelle"]
[Black "Choisy, Mathilde"]
[Result "0-1"]
[WhiteElo "1952"]
[BlackElo "2168"]
[PlyCount "56"]

1. e4 c5 2. c3 d6 3. d4 Nf6 4. Bd3 Nc6 5. Ne2 g6 6. O-O Bg7 7. d5 Ne5 8. f4
Nxd3 9. Qxd3 O-O 10. Na3 a6 11. c4 b5 12. Rb1 b4 13. Nc2 Nxe4 14. Ne3 f5 15. g4
e6 16. dxe6 Bxe6 17. gxf5 gxf5 18. Ng3 Nxg3 19. hxg3 Bd4 20. Kg2 d5 21. b3 dxc4
22. bxc4 Ra7 23. Qe2 Qa8+ 24. Kf2 Qe4 25. Bb2 Re7 26. Rfe1 Rfe8 27. Qh5 Qc2+
28. Kf3 Bd5+ 0-1

[Event "Championnat de France - Accession Femini"]
[Site "Belfort - SNPHHUATVS"]
[Date "2010.??.??"]
[Round "6.6"]
[White "Neuhauser, Salome"]
[Black "Rigolot, Lucie"]
[Result "1/2-1/2"]
[WhiteElo "2054"]
[BlackElo "1902"]
[PlyCount "124"]

1. Nf3 Nf6 2. g3 d5 3. Bg2 c6 4. O-O Bg4 5. d3 e6 6. h3 Bh5 7. Qe1 Be7 8. e4
O-O 9. Nbd2 Qc7 10. g4 Bg6 11. Nh2 Bd6 12. Nhf3 Nbd7 13. Nh4 Bf4 14. Nxg6 hxg6
15. d4 dxe4 16. Nxe4 Bxc1 17. Nxf6+ Nxf6 18. Qxc1 Rfd8 19. c3 Nd5 20. f4 c5 21.
Qd2 Qb6 22. dxc5 Qxc5+ 23. Qf2 Rac8 24. Rad1 Re8 25. Qxc5 Rxc5 26. Bxd5 Rxd5
27. Rxd5 exd5 28. Kf2 Re4 29. Kf3 Ra4 30. a3 d4 31. cxd4 Rxd4 32. Ke3 Rc4 33.
Rd1 Rc2 34. Rd8+ Kh7 35. b4 Rh2 36. a4 Rxh3+ 37. Ke4 Rb3 38. Rd4 Kh6 39. a5 f6
40. Kd5 Rg3 41. f5 gxf5 42. gxf5 Kg5 43. Kd6 Rc3 44. Rd5 Rc6+ 45. Kd7 g6 46.
fxg6+ Kxg6 47. Rb5 f5 48. Rxb7 Rf6 49. Rb8 f4 50. Re8 f3 51. Re1 a6 52. Kc7 Kf5
53. Kb7 f2 54. Rf1 Ke4 55. Rxf2 Rxf2 56. Kxa6 Kd4 57. b5 Kc5 58. b6 Kc6 59. Ka7
Rb2 60. Kb8 Kb5 61. b7 Ka6 62. Ka8 Rxb7 1/2-1/2

[Event "Championnat de France - Accession Femini"]
[Site "Belfort - SNPHHUATVS"]
[Date "2010.??.??"]
[Round "7.1"]
[White "Rigolot, Lucie"]
[Black "Gertosio-Serena, Sophie"]
[Result "1-0"]
[WhiteElo "1902"]
[BlackElo "1810"]
[PlyCount "171"]

1. e4 e6 2. d4 d5 3. Nd2 Nf6 4. e5 Nfd7 5. f4 c5 6. c3 cxd4 7. cxd4 Qa5 8. Ngf3
Nc6 9. Be2 g6 10. O-O Bg7 11. Re1 Qb4 12. Nb3 b6 13. Bd2 Qe7 14. Rc1 Bb7 15.
Bb5 Rc8 16. Qe2 Ndb8 17. a3 O-O 18. g4 f5 19. exf6 Rxf6 20. g5 Rf5 21. Qxe6+
Qxe6 22. Rxe6 Kf8 23. Rce1 a6 24. Bd3 Rf7 25. h4 Re7 26. Rxe7 Nxe7 27. Bb4 Nbc6
28. Bd6 Kf7 29. h5 Nf5 30. Bxf5 gxf5 31. Be5 Rf8 32. Bc7 Ba8 33. Ne5+ Nxe5 34.
dxe5 Rc8 35. Bd6 Rc4 36. Rd1 Ke8 37. Nd4 Bh8 38. Kg2 Bb7 39. Kg3 Bc8 40. Kh4
Kf7 41. Rd2 b5 42. e6+ Ke8 43. Nxf5 Bxe6 44. Ne3 Rc1 45. f5 d4 46. fxe6 dxe3
47. Re2 Rc6 48. Bf4 Rxe6 49. b4 Bd4 50. Kg4 Kf7 51. Kf3 a5 52. Bxe3 Bc3 53.
bxa5 Bxa5 54. Rb2 Re5 55. Kf4 Rd5 56. Ke4 Ke6 57. Bf4 Bd8 58. Rc2 Rd7 59. Rc6+
Kf7 60. g6+ hxg6 61. hxg6+ Kg7 62. Be5+ Kg8 63. Re6 Re7 64. Kf5 Rxe6 65. Kxe6
Bg5 66. Bb2 Bh6 67. Kd5 Kf8 68. Kc5 Ke7 69. Kxb5 Kd7 70. a4 Kc7 71. a5 Kb7 72.
Bc3 Ka7 73. Kc6 Ka6 74. Kd7 Ka7 75. Ke8 Ka6 76. Kf7 Kb5 77. Be1 Ka6 78. Bd2
Bxd2 79. g7 Bxa5 80. g8=Q Kb5 81. Qc8 Bb6 82. Ke6 Ka5 83. Kd5 Kb5 84. Qc4+ Ka5
85. Qb3 Ka6 86. Kc6 1-0

[Event "Championnat de France - Accession Femini"]
[Site "Belfort - SNPHHUATVS"]
[Date "2010.??.??"]
[Round "7.2"]
[White "Choisy, Mathilde"]
[Black "Neuhauser, Salome"]
[Result "1-0"]
[WhiteElo "2168"]
[BlackElo "2054"]
[PlyCount "63"]

1. e4 Nc6 2. Nc3 e6 3. d4 d5 4. Nf3 Bb4 5. e5 f6 6. a3 Bxc3+ 7. bxc3 fxe5 8.
Nxe5 Nxe5 9. dxe5 Qh4 10. Bd3 Bd7 11. Rb1 b6 12. Rb4 Qe7 13. Qh5+ Qf7 14. Qh3
O-O-O 15. O-O Ne7 16. Bg5 h6 17. Rf4 Qe8 18. Bxe7 Qxe7 19. a4 g5 20. Rf6 h5 21.
a5 Rdf8 22. axb6 cxb6 23. Rxf8+ Qxf8 24. c4 d4 25. f4 gxf4 26. Qf3 Kc7 27. Kh1
a5 28. Be4 Qc5 29. Qxf4 Qxc4 30. Rd1 Qe2 31. Bf3 Qe3 32. Qf6 1-0

[Event "Championnat de France - Accession Femini"]
[Site "Belfort - SNPHHUATVS"]
[Date "2010.??.??"]
[Round "7.3"]
[White "Benmesbah, Natacha"]
[Black "Bonvalot, Isabelle"]
[Result "1-0"]
[WhiteElo "2165"]
[BlackElo "1952"]
[PlyCount "45"]

1. e4 g6 2. d4 Bg7 3. Nc3 d6 4. f4 Nc6 5. Be3 a6 6. Nf3 b5 7. Bd3 Bg4 8. Ne2
Nb4 9. O-O Nxd3 10. Qxd3 Nf6 11. Ng3 O-O 12. h3 Bc8 13. a4 b4 14. a5 Bd7 15.
Rfe1 e6 16. Qd2 Rb8 17. f5 Rb5 18. e5 Nd5 19. f6 Bh8 20. Ne4 Bc6 21. Bf2 Qa8
22. Qh6 Rd8 23. Nfg5 1-0

[Event "Championnat de France - Accession Femini"]
[Site "Belfort - SNPHHUATVS"]
[Date "2010.??.??"]
[Round "7.4"]
[White "Sasu-Ducsoara, Andreea-Teodora"]
[Black "Vinckier, Delphine"]
[Result "1-0"]
[WhiteElo "2227"]
[BlackElo "1830"]
[PlyCount "115"]

1. e4 e6 2. d4 d5 3. e5 c5 4. c3 Nc6 5. Nf3 Qb6 6. Be2 Bd7 7. O-O cxd4 8. cxd4
Nge7 9. Nc3 a6 10. a3 Rc8 11. Na4 Qc7 12. Bg5 h6 13. Bf4 Ng6 14. Be3 b5 15. Nc3
Qb7 16. h4 Be7 17. g3 Bd8 18. Bd3 Bb6 19. h5 Nge7 20. Qc2 Na5 21. Nd2 Nf5 22.
Bxf5 exf5 23. Rfc1 O-O 24. Qd3 Be6 25. a4 b4 26. Ne2 Nc6 27. Nf4 a5 28. Nb3 Qa7
29. Rc2 Ne7 30. Nc5 Bxc5 31. dxc5 Qc7 32. Bd4 Nc6 33. Re1 Rb8 34. b3 Rfd8 35.
Rd2 Qa7 36. Red1 Rbc8 37. Rc2 Qc7 38. Re1 Rd7 39. f3 Rcd8 40. Kf2 Kf8 41. Ng2
Kg8 42. Nh4 Rc8 43. Ba1 Ne7 44. c6 Nxc6 45. Rec1 Qb7 46. Nxf5 Bxf5 47. Qxf5
Rdc7 48. e6 f6 49. Qxd5 Qb6+ 50. Qc5 Qxc5+ 51. Rxc5 Kf8 52. f4 Ke7 53. f5 Kd6
54. Ke3 Ke7 55. Ke4 Kd6 56. Bd4 Ke7 57. Be3 Kd6 58. Bf4+ 1-0

[Event "Championnat de France - Accession Femini"]
[Site "Belfort - SNPHHUATVS"]
[Date "2010.??.??"]
[Round "7.5"]
[White "Haussernot, Cecile"]
[Black "Armas, Lara-Maria"]
[Result "1-0"]
[WhiteElo "1992"]
[BlackElo "1988"]
[PlyCount "99"]

1. e4 c5 2. Nc3 d6 3. g3 g6 4. Bg2 Bg7 5. d3 e6 6. f4 Ne7 7. Nf3 Nbc6 8. O-O
O-O 9. Be3 Nd4 10. e5 Nef5 11. Bf2 dxe5 12. fxe5 Nxf3+ 13. Qxf3 Bxe5 14. Bxc5
Bd4+ 15. Bxd4 Qxd4+ 16. Kh1 Ne3 17. Rf2 Nxg2 18. Kxg2 f5 19. Qf4 Qb6 20. Rb1
Bd7 21. h4 Rac8 22. Rff1 Rfe8 23. h5 e5 24. Qg5 Kg7 25. h6+ Kh8 26. Rbc1 Bc6+
27. Kh2 Qc7 28. Rce1 Qe7 29. Qxe7 Rxe7 30. d4 e4 31. d5 Bd7 32. Re3 b5 33. b4
Kg8 34. g4 Kf7 35. gxf5 gxf5 36. Rf2 Kg6 37. Rg2+ Kf6 38. d6 Rf7 39. Rf2 Ke6
40. Nxe4 fxe4 41. Rxe4+ Kd5 42. Rxf7 Rxc2+ 43. Kg1 Kxe4 44. Rxd7 Rxa2 45. Rxh7
Rd2 46. Re7+ Kd5 47. h7 Kxd6 48. h8=Q Kxe7 49. Qg7+ Ke6 50. Qh6+ 1-0

[Event "Championnat de France - Accession Femini"]
[Site "Belfort - SNPHHUATVS"]
[Date "2010.??.??"]
[Round "7.6"]
[White "Bismuth, Lea"]
[Black "Griggio, Julie"]
[Result "0-1"]
[WhiteElo "1935"]
[BlackElo "1795"]
[PlyCount "92"]

1. d4 Nf6 2. Nf3 g6 3. c4 Bg7 4. Nc3 O-O 5. e4 d6 6. Be2 Nbd7 7. O-O e5 8. d5
Nc5 9. Qc2 a5 10. Bg5 h6 11. Be3 Ng4 12. Bxc5 dxc5 13. h3 Nf6 14. Na4 b6 15.
Nxe5 Nxd5 16. Nc6 Nb4 17. Nxb4 axb4 18. Rad1 Qe8 19. b3 Bd7 20. Rxd7 Qxd7 21.
Bg4 Qe7 22. Qb1 h5 23. Bf3 Qe5 24. Rd1 Rfd8 25. Rd5 Rxd5 26. cxd5 Re8 27. g3
Qa1 28. Qxa1 Bxa1 29. Bg2 Bd4 30. Bf1 Rxe4 31. d6 cxd6 32. Nxb6 Re1 33. Nc8 d5
34. Nb6 Rd1 35. Nxd5 Bxf2+ 36. Kxf2 Rxd5 37. Ke2 Rd4 38. Bg2 Kg7 39. Bc6 f5 40.
Bf3 Kh6 41. Ke3 g5 42. Ke2 g4 43. hxg4 hxg4 44. Bc6 Kg5 45. Bg2 f4 46. gxf4+
Rxf4 0-1

[Event "Championnat de France - Accession Femini"]
[Site "Belfort - SNPHHUATVS"]
[Date "2010.??.??"]
[Round "8.1"]
[White "Gertosio-Serena, Sophie"]
[Black "Griggio, Julie"]
[Result "1/2-1/2"]
[WhiteElo "1810"]
[BlackElo "1795"]
[PlyCount "48"]

1. f4 Nf6 2. e3 g6 3. Nf3 Bg7 4. d4 O-O 5. Bd3 d6 6. O-O Nbd7 7. c3 c5 8. Nbd2
d5 9. b3 Qc7 10. Bb2 b6 11. Qe1 Bb7 12. Qh4 h6 13. Ne5 Nxe5 14. fxe5 g5 15. Qg3
Ne4 16. Nxe4 dxe4 17. Bc4 e6 18. Qg4 Bd5 19. Bxd5 exd5 20. Rf2 Qc8 21. Qxc8
Raxc8 22. Raf1 Rc6 23. Rf5 Rc7 24. R1f2 Rd8 1/2-1/2

[Event "Championnat de France - Accession Femini"]
[Site "Belfort - SNPHHUATVS"]
[Date "2010.??.??"]
[Round "8.2"]
[White "Armas, Lara-Maria"]
[Black "Bismuth, Lea"]
[Result "1/2-1/2"]
[WhiteElo "1988"]
[BlackElo "1935"]
[PlyCount "87"]

1. d4 Nf6 2. c4 g6 3. Nc3 Bg7 4. e4 d6 5. f3 O-O 6. Be3 Na6 7. Qd2 e5 8. d5 Nd7
9. Bg5 f6 10. Bh4 Qe8 11. g4 f5 12. gxf5 gxf5 13. O-O-O Qh5 14. Bf2 Nf6 15. Kb1
fxe4 16. Nxe4 Nxe4 17. fxe4 Rxf2 18. Qe1 Rf4 19. Bg2 Nc5 20. Ne2 Rf6 21. Ng3
Qf7 22. Rd2 Bh6 23. Rc2 Nd3 24. Qc3 Nf4 25. Bf1 Bd7 26. Rg1 Kh8 27. c5 Rf8 28.
Bc4 Nh3 29. Re1 Bg4 30. Be2 Bxe2 31. Rexe2 Ng1 32. Re1 Nf3 33. Rd1 Nd4 34. Rg2
Rf2 35. Rxf2 Qxf2 36. a3 Rf3 37. Qc4 dxc5 38. Qxc5 Bf8 39. Qxc7 Rb3 40. Qxe5+
Bg7 41. Qe8+ Bf8 42. Qe5+ Bg7 43. Qe8+ Bf8 44. Qe5+ 1/2-1/2

[Event "Championnat de France - Accession Femini"]
[Site "Belfort - SNPHHUATVS"]
[Date "2010.??.??"]
[Round "8.3"]
[White "Vinckier, Delphine"]
[Black "Haussernot, Cecile"]
[Result "0-1"]
[WhiteElo "1830"]
[BlackElo "1992"]
[PlyCount "100"]

1. e4 c5 2. Nf3 d6 3. d4 cxd4 4. Qxd4 Nc6 5. Bb5 Bd7 6. Bxc6 bxc6 7. Nc3 e5 8.
Qd3 Be6 9. O-O Qc7 10. Rd1 Rd8 11. Ng5 Nf6 12. Nxe6 fxe6 13. Bg5 Be7 14. Qh3
Qc8 15. Bxf6 Bxf6 16. Qe3 Qc7 17. Qh3 Qf7 18. Rd3 O-O 19. Rad1 d5 20. Qg4 Rc8
21. Rh3 d4 22. Ne2 c5 23. Rdd3 c4 24. Rd1 Rc7 25. a3 Rb8 26. b4 a5 27. f4 axb4
28. axb4 Rxb4 29. fxe5 Bxe5 30. Rf1 Qg6 31. Qxg6 hxg6 32. Rhf3 Rc8 33. c3 dxc3
34. Nxc3 Rb2 35. Rc1 Rd8 36. Nd1 Ra2 37. Nc3 Bxc3 38. Rfxc3 Rdd2 39. Rg3 c3 40.
Kf1 Rf2+ 41. Kg1 Rfd2 42. Kf1 Rab2 43. Rgxc3 Rf2+ 44. Ke1 Rxg2 45. Kf1 Rxh2 46.
Kg1 Rbg2+ 47. Kf1 Rf2+ 48. Kg1 Rhg2+ 49. Kh1 Rg4 50. e5 Rf5 0-1

[Event "Championnat de France - Accession Femini"]
[Site "Belfort - SNPHHUATVS"]
[Date "2010.??.??"]
[Round "8.4"]
[White "Bonvalot, Isabelle"]
[Black "Sasu-Ducsoara, Andreea-Teodora"]
[Result "0-1"]
[WhiteElo "1952"]
[BlackElo "2227"]
[PlyCount "92"]

1. e4 e5 2. Nc3 Bc5 3. Nf3 Nc6 4. h3 Nf6 5. Bc4 a6 6. O-O d6 7. a3 b5 8. Ba2
Be6 9. Bxe6 fxe6 10. b4 Bb6 11. Re1 O-O 12. Rb1 Nd4 13. Rf1 Qe8 14. d3 Nxf3+
15. Qxf3 Nd5 16. Qxf8+ Qxf8 17. exd5 Bd4 18. Ne2 Bb6 19. dxe6 Qf6 20. Be3 Qxe6
21. Bxb6 cxb6 22. Rb2 Rc8 23. f3 Rc6 24. Re1 Qh6 25. Rd1 Qe3+ 26. Kf1 d5 27.
Ra2 h5 28. Ng3 Qg5 29. Nh1 Qf4 30. Kg1 Rg6 31. Rf1 Qg5 32. Rf2 Qc1+ 33. Rf1
Qe3+ 34. Rf2 Qd4 35. Kf1 e4 36. fxe4 dxe4 37. Ke1 e3 38. Re2 Qd5 39. c4 Qxd3
40. Rac2 bxc4 41. g3 h4 42. Kf1 hxg3 43. Kg2 Qe4+ 44. Kg1 g2 45. Rxg2 Rxg2+ 46.
Rxg2 e2 0-1

[Event "Championnat de France - Accession Femini"]
[Site "Belfort - SNPHHUATVS"]
[Date "2010.??.??"]
[Round "8.5"]
[White "Neuhauser, Salome"]
[Black "Benmesbah, Natacha"]
[Result "1-0"]
[WhiteElo "2054"]
[BlackElo "2165"]
[PlyCount "87"]

1. e4 c5 2. Nf3 d6 3. d4 cxd4 4. Nxd4 Nf6 5. Nc3 g6 6. Be3 Bg7 7. Be2 O-O 8.
Qd2 Nc6 9. O-O-O Nxd4 10. Bxd4 Be6 11. g4 Nxg4 12. Bxg7 Kxg7 13. f4 Bd7 14.
Rdg1 Qc8 15. f5 Ne5 16. h4 h6 17. Rh2 Bxf5 18. exf5 Qxf5 19. Nd5 Nc6 20. Rhg2
e6 21. Nf4 Ne5 22. h5 g5 23. Rxg5+ hxg5 24. Rxg5+ Qxg5 25. Nxe6+ fxe6 26. Qxg5+
Kf7 27. h6 Ke8 28. Qg7 Nf7 29. Bh5 Ke7 30. h7 d5 31. Kd2 Rac8 32. Bxf7 Rxf7 33.
h8=Q Rxh8 34. Qxh8 a6 35. Qe5 Kd7 36. Qb8 Kc6 37. Qe8+ Rd7 38. Qxe6+ Kc7 39.
Kd3 d4 40. a4 Rd6 41. Qe7+ Kc6 42. b4 Rd5 43. Qe6+ Rd6 44. Qc8+ 1-0

[Event "Championnat de France - Accession Femini"]
[Site "Belfort - SNPHHUATVS"]
[Date "2010.??.??"]
[Round "8.6"]
[White "Rigolot, Lucie"]
[Black "Choisy, Mathilde"]
[Result "0-1"]
[WhiteElo "1902"]
[BlackElo "2168"]
[PlyCount "116"]

1. e4 d6 2. d4 Nf6 3. Nc3 Nbd7 4. g3 e5 5. Bg2 Be7 6. f4 O-O 7. dxe5 dxe5 8. f5
Bb4 9. Bd2 Nc5 10. Qe2 b6 11. O-O-O Ba6 12. Qe1 Qe7 13. Nh3 Rad8 14. Nf2 Bb7
15. Qe3 Rd6 16. g4 Rfd8 17. a3 Bxc3 18. Bxc3 Rxd1+ 19. Rxd1 Rxd1+ 20. Kxd1 Na4
21. Kc1 h6 22. Bb4 c5 23. Bd2 c4 24. h4 Nd7 25. g5 hxg5 26. hxg5 c3 27. Bxc3
Nxc3 28. bxc3 Qxa3+ 29. Kd2 Qc5 30. Qg3 Ba6 31. Bh3 Qd6+ 32. Nd3 Nc5 33. Bg2
Bxd3 34. cxd3 Nb3+ 35. Ke1 Qc5 36. c4 Qg1+ 37. Ke2 Nd4+ 38. Kd2 Qa1 39. Bf3
Qb2+ 40. Ke3 Qc1+ 41. Kf2 Qd2+ 42. Kg1 Qxd3 43. Kg2 Qxf3+ 44. Qxf3 Nxf3 45.
Kxf3 Kf8 46. Ke3 Ke7 47. Kd3 Kd6 48. Kc3 Kc5 49. Kb3 a5 50. Kc3 a4 51. f6 gxf6
52. gxf6 a3 53. Kb3 a2 54. Kxa2 Kxc4 55. Ka3 Kd4 56. Kb4 Kxe4 57. Kb5 Kf5 58.
Kxb6 Kxf6 0-1

[Event "Championnat de France - Accession Femini"]
[Site "Belfort - SNPHHUATVS"]
[Date "2010.??.??"]
[Round "9.1"]
[White "Choisy, Mathilde"]
[Black "Gertosio-Serena, Sophie"]
[Result "1-0"]
[WhiteElo "2168"]
[BlackElo "1810"]
[PlyCount "99"]

1. g3 d5 2. Bg2 Nf6 3. Nf3 c5 4. c4 Nc6 5. O-O g6 6. cxd5 Nxd5 7. Nc3 Nxc3 8.
bxc3 Bg7 9. Bb2 e5 10. d3 O-O 11. Ne1 Qc7 12. c4 Be6 13. Nc2 Rad8 14. Ne3 Ne7
15. Qb3 b6 16. a4 Bh6 17. Nd5 Nxd5 18. cxd5 Bd7 19. e3 Qd6 20. Rac1 Rb8 21. Qa3
Bg7 22. Rc2 Rfc8 23. Rfc1 Bf8 24. Qa1 Re8 25. d4 cxd4 26. exd4 e4 27. Qa2 a6
28. Re1 f5 29. Bc1 Qb4 30. Bd2 Qxa4 31. Bf4 Qxa2 32. Rxa2 Ra8 33. Bf1 b5 34.
Rea1 Bg7 35. Be3 Red8 36. Rxa6 Rxa6 37. Rxa6 Rb8 38. Ra7 b4 39. Rxd7 b3 40. Bc1
Bxd4 41. d6 b2 42. Bxb2 Bxb2 43. Bc4+ Kf8 44. Rf7+ Ke8 45. d7+ Kd8 46. Rf8+
Kxd7 47. Rxb8 Bc1 48. Rb7+ Kd6 49. Rxh7 g5 50. h4 1-0

[Event "Championnat de France - Accession Femini"]
[Site "Belfort - SNPHHUATVS"]
[Date "2010.??.??"]
[Round "9.2"]
[White "Benmesbah, Natacha"]
[Black "Rigolot, Lucie"]
[Result "1-0"]
[WhiteElo "2165"]
[BlackElo "1902"]
[PlyCount "151"]

1. e4 c5 2. b3 d6 3. Bb2 e6 4. Nc3 Nf6 5. f4 Nc6 6. Qe2 e5 7. Nf3 Bg4 8. Qe3 a6
9. h3 Nd4 10. O-O-O Be6 11. fxe5 dxe5 12. Nxe5 Bd6 13. Nf3 Nxf3 14. gxf3 Be5
15. f4 Bd4 16. Qe2 Qe7 17. e5 Nd5 18. Nxd5 Bxd5 19. Bg2 Bxg2 20. Qxg2 Bxb2+ 21.
Kxb2 g6 22. Rhe1 O-O-O 23. Re4 Kb8 24. Rde1 Qe6 25. d3 Rd7 26. Kb1 Rhd8 27. Qf3
Qf5 28. Qg4 Qe6 29. Qf3 Qf5 30. Qg4 Qe6 31. Qh4 b6 32. Qg4 Ka7 33. Rf1 Rd4 34.
Rxd4 Rxd4 35. Qxe6 fxe6 36. Kc1 Rd7 37. Kd2 Rf7 38. Ke3 Rf5 39. Rf3 Kb7 40. Ke4
Rf7 41. Rg3 Kc6 42. d4 cxd4 43. Rd3 Kc5 44. b4+ Kxb4 45. Rxd4+ Kc5 46. Rd6 Re7
47. Kf3 a5 48. Kg4 h6 49. Kf3 b5 50. a3 b4 51. a4 Kc4 52. Rd3 Rb7 53. h4 h5 54.
Ke4 b3 55. cxb3+ Rxb3 56. Rd6 Kc5 57. Rxe6 Rb4+ 58. Ke3 Rxa4 59. Rxg6 Ra3+ 60.
Ke4 Rh3 61. Ra6 Kb5 62. Ra8 Rxh4 63. e6 Rh1 64. Kd5 Rd1+ 65. Ke5 Re1+ 66. Kf6
Kc6 67. Rxa5 Kd6 68. Ra6+ Kc7 69. f5 h4 70. Ra7+ Kb8 71. Rh7 Re4 72. Kf7 Kc8
73. e7 Kd7 74. f6 Re1 75. Rxh4 Re3 76. Rd4+ 1-0